Súborné dielo E:I, 1 Missa Sanctae Mariae (Missa in A), Omša A dur pre sólové hlasy, zbor a orchester

Bibliographic Details
Main Author: Bella, Ján Levoslav, 1843-1936 (Composer)
Other Authors: Minahane, John, 1950- (Translator), Godár, Vladimír, 1956- (Editor), Godárová, Zuzana (Translator)
Format: Musical Score Book
Language:Slovak
English
German
PhysicalDescription:1 partitúra (85 strán) 31 cm
Published: Bratislava Hudobné centrum 2022
Edition:1. vydanie
Subjects:

MARC

LEADER 00000ncm a2200000 4500
001 vtls012228248
003 SK-MaSNL
005 20260331211905.0
007 qu
008 230424s2022 xo msa g 0 slo
015 |a SNBH2025 
024 2 |a 9790685031130 (brožované) 
028 3 1 |a HC 2201  |b Hudobné centrum 
040 |a SNK  |b slo  |c SNK  |e rda 
041 0 |a slo  |a eng  |a ger 
044 |a xo  |c SK 
048 |b va01  |b vc01  |b vd01  |b vf01  |a cn01  |b oa01 
072 7 |a 783  |x Cirkevná hudba. Duchovná hudba. Náboženská hudba  |2 konspekt 
080 |a 783  |2 2011 
080 |a 783.21  |2 2011 
080 |a 78.089.6  |2 2011 
100 1 |a Bella, Ján Levoslav,  |d 1843-1936  |4 cmp  |9 105955 
245 1 0 |a Súborné dielo  |h hudobnina  |n E:I, 1  |p Missa Sanctae Mariae (Missa in A), Omša A dur pre sólové hlasy, zbor a orchester  |c Ján Levoslav Bella ; editor Vladimír Godár ; preklad textu: Zuzana Godárová (nemčina), John Minahane (angličtina) 
246 3 1 |a Complete Works 
246 3 1 |a Sämtliche Werke 
246 3 0 |a Missa Sanctae Mariae (Missa in A) 
246 3 1 |a Mass in A major for solo voices, choir and orchestra 
246 3 1 |a Messe in A-Dur für Solostimmen, Chor und Orchester 
246 3 0 |a Omša A dur pre sólové hlasy, zbor a orchester 
250 |a 1. vydanie 
254 |a Partitúra 
264 1 |a Bratislava  |b Hudobné centrum  |c 2022 
300 |a 1 partitúra (85 strán)  |c 31 cm 
336 |a zápis hudby  |b ntm  |2 rdacontent 
337 |a bez média  |b n  |2 rdamedia 
338 |a zväzok  |b nc  |2 rdacarrier 
382 |a soprán, alt, tenor, bas, zbor, orchester 
546 |a Súbežný názov v angličtine a nemčine ; sprievodný text v slovenčine, angličtine a nemčine 
650 0 7 |a duchovná hudba  |2 SNKPH  |9 1749 
650 0 7 |a omše (hudba)  |2 SNKPH  |9 400968 
650 0 7 |a Sacred music  |2 SNKPHeng  |9 267668 
650 0 7 |a Mass (music)  |2 SNKPHeng  |9 327946 
655 7 |a partitúry  |2 SNKPH  |9 70123 
655 7 |a Scores  |2 SNKPHeng  |9 285331 
700 1 |a Minahane, John,  |d 1950-  |4 trl  |9 166082 
700 1 |a Godár, Vladimír,  |d 1956-  |4 edt  |9 99722 
700 1 |a Godárová, Zuzana  |4 trl  |9 400969 
852 |a Slovenská národná knižnica 
918 |a 979-0-68503-113-0 
958 |a NT 
999 |c 1167589  |d 1169519 
952 |a SNK  |b SNK  |y PREZ  |7 0  |p 17A1528242  |o snkHSB 4798  |i snk2023/6580  |8 0  |0 0  |1 0  |4 0  |d 2023-04-24  |l 0  |r 2026-02-24 20:53:18  |w 2026-02-24 
952 |a SNK  |b SNK  |y VYP  |7 0  |p 17A1528241  |o snkHSB 4798 D1  |i snk2023/6581  |8 0  |0 0  |1 0  |4 0  |d 2023-04-24  |l 0  |r 2026-02-24 20:53:18  |w 2026-02-24